000 00513pab a2200181 454500
008 180718b2006 xxu||||| |||| 00| 0 eng d
100 _aVas, Eric
245 _aPakistan: illusions, propaganda and reality - Nawab Bugti's assassination and the 2007 elections
260 _c2006
300 _ap.364-71.
362 _aJul-Sep
650 _aElections - Pakistan
650 _aPakistan - Politics and government
650 _aPolitics and government
773 _aUSI Journal
908 _aN
909 _a72785
999 _c72785
_d72785